000
00339nam a2200145Ia 4500
008
150301s2009 xx 000 0 und d
082
_a
616.5
_b
C09T
100
_a
THAPPA D.M.
245
_a
CLINICAL PEDIATRIC DERMATOLOGY
250
_a
1ST
260
_b
ELSEVIER
_a
INDIA
_c
2009
300
_a
236
650
_a
DERMATOLOGY
942
_2
ddc
_c
BK
999
_c
6588
_d
6588